000 00474nam a2200193Ia 4500
003 GCL
008 140319s9999 xx 000 0 eng d
040 _aGCL /
_cGCL
082 0 4 _aCH
_b372.6
_bG F
100 1 _aGEMMELL, KATHY
245 1 0 _aFIRST GERMAN: AT SCHOOL /
_cGEMMELL, KATHY
700 1 _aTYLER, JENNY
260 _a[S.N] :
_bUSBORNE ،
_c1993
300 _a32 P
650 0 4 _aGERMAN LANGUAGE
650 0 4 _aCHILDREN
650 0 4 _aEDUCATION
942 _2ddc
_cBK
999 _c15108
_d15108